000 00279nam a22001337a 4500
008 180922b xxu||||| |||| 00| 0 eng d
020 _a9780133507522
041 _aeng
080 _a541
100 _a12
101 _aKIM
245 _aChemistry
_cMcMurry, J
942 _2udc
_cBK
999 _c48285
_d48285